000 00734nam a2200229Ia 4500
003 OSt
005 20220926002648.0
006 a|||||r|||| 00| 0
007 ta
008 220923b |||||||| |||| 00| 0 eng d
037 _cGeneral Book
040 _aRTL
_cRTL
_beng
041 _2eng
_aeng
082 _aV0gy.N94, N4
100 _aVANAIK Achin
_9100089
245 0 _aSituating the threat of Hindu nationalism
_b Problems with the facist paradigm.
260 _a New Delhi
_bNehru Memorial Museum and Library
_c1994
300 _a120p.
_ccm.
490 _aSecondseries;xci, Research-in-progress paper history and society
942 _hV0gy.N94, N4
_cGB
_2CC
999 _c605772
_d605772